Normal view
MARC view
Entry Personal Name
001 - CONTROL NUMBER
- control field: 46112
003 - CONTROL NUMBER IDENTIFIER
- control field: OSt
005 - DATE AND TIME OF LATEST TRANSACTION
- control field: 20240613165332.0
008 - FIXED-LENGTH DATA ELEMENTS
- fixed length control field: 240613|| aca||aabn | a|a d
040 ## - CATALOGING SOURCE
- Original cataloging agency: OSt
- Transcribing agency: OSt
100 ## - HEADING--PERSONAL NAME
- Personal name: Gogai, Amrita Pritam
670 ## - SOURCE DATA FOUND
- Source citation: Work cat.: (OSt)524436: Gogai, Amrita Pritam , In honor of my halos tree: Locating loss
